| 000 | 00921nam a2200289 i 4500 | ||
|---|---|---|---|
| 003 | EG-GICUC | ||
| 005 | 20260203120411.0 | ||
| 008 | 260203s1954 -usab||fr|||| 001 0 eng d | ||
| 040 |
_aEG-GiCUC _cEG-GiCUC _dEG-GiCUC _erda _beng |
||
| 041 | 0 | _aeng | |
| 082 | 0 | 4 |
_221 _a341.9050 _bER . E |
| 092 | 0 | 4 | _221 |
| 099 | _aLaw1 12 341.9050 ER . E 1954 | ||
| 100 | 1 |
_aErgang, Robert _eAuthor. |
|
| 245 | 1 | 0 |
_aEurope Since Waterloo / _cRobert Ergang, Ph.d. |
| 264 | 1 |
_aBoston : _bD C. Heath And Company, _c1954. |
|
| 300 |
_a835 pages : _billustrations, _c24 cm. |
||
| 336 |
_2rda content _atext |
||
| 337 |
_2rda media _aComputer |
||
| 338 |
_2rda carrier _aOnline Resource |
||
| 504 | _aIncludes bibliographical references and index. | ||
| 546 | _aText in English | ||
| 650 | 1 | 4 | _aPrivate international law |
| 856 | 4 | 0 | _uhttps://fll.law.cu.edu.eg/fulltext/bks/B12-02192.pdf |
| 905 | _a48 | ||
| 942 |
_2ddc _cBK _e21 _n0 |
||
| 999 |
_c60494 _d60494 |
||